• 首页
  • 本馆介绍
  • 公告通知
  • 最新文献
  • 馆藏检索
  • 电子资源
  • 读者导购
  • 参考咨询
  • 我的图书馆
  • 登录
  • 详细信息显示
  • 放入我的书架
  • 预约/预借图书
  • 作者相关作品
  • 分类相关作品
  • 丛书相关作品
  • 出版社相关作品

书目信息

  • 表格格式
  • 工作单格式
  • 卡片格式
题名:
肉羊养殖创业致富指导
    
 
作者: 江喜春 编著
分册:  
出版信息: 北京   中国科学技术出版社  2017
页数: 255页
开本: 21cm
丛书名: 科普三农 强农惠农
单 册:
中图分类: S826.94
科图分类:
主题词: 肉用羊--Rou Yong Yang--饲养管理
电子资源:
ISBN: 978-7-5046-7500-2
000 00811nam 2200253 45
001 012001003290
005 20140129172611.0
010    @a978-7-5046-7500-2@dCNY29.00
099    @aCAL 012017144878
100    @a20170718d2017 ekmy0chiy50 ea
101 0  @achi
102    @aCN@b110000
105    @aak 000yy
106    @ar
200 1  @a肉羊养殖创业致富指导@ARou Yang Yang Zhi Chuang Ye Zhi Fu Zhi Dao@f江喜春主编
210    @a北京@c中国科学技术出版社@d2017
215    @a255页@c图@d21cm
225 2  @a科普三农 强农惠农@Ake pu san nong qiang nong hui nong@i养殖系列
410  0 @12001 @a科普三农 强农惠农@i养殖系列
606 0  @a肉用羊@ARou Yong Yang@x饲养管理
690    @aS826.94@v5
701  0 @a江喜春@AJiang Xi Chun@4编著
801  2 @aCN@b北京卓展@c20191020
905    @b1211097-100@dS826.94@e203@f4
    
    肉羊养殖创业致富指导/江喜春主编.-北京:中国科学技术出版社,2017
    255页:图;21cm.-(科普三农 强农惠农.养殖系列)
    
    
    ISBN 978-7-5046-7500-2:CNY29.00
    
●
相关链接 在E读中查询图书 在五车中查询图书 在当当中查询图书 在豆瓣中查询图书


正题名:肉羊养殖创业致富指导     索取号:S826.94/203         预约/预借

序号 登录号 条形码 馆藏地/架位号 状态 备注
1 1211097   212110972   第二样本阅览室/ [索取号:S826.94/203] 在馆    
2 1211098   212110981   第三借阅区/ [索取号:S826.94/203] 在馆    
3 1211099   212110990   第三借阅区/ [索取号:S826.94/203] 在馆    
4 1211100   212111007   第三借阅区/ [索取号:S826.94/203] 在馆    
唐山师范学院图书馆 欢迎您!
大连网信软件有限公司© 版权所有